Sampling methods applied to fisheries science : (Record no. 15968)

000 -LEADER
fixed length control field 00650nam a2200205Ia 4500
020 ## - INTERNATIONAL STANDARD BOOK NUMBER
ISBN 9251053979
040 ## - CATALOGING SOURCE
Transcribing agency OSU
082 ## - DEWEY DECIMAL CLASSIFICATION NUMBER
Classification number 639 FOO 2005 A090 Or.
100 1# - MAIN ENTRY--AUTHOR NAME
Personal name Cadima, Emygdio L.
245 10 - TITLE STATEMENT
Title Sampling methods applied to fisheries science :
Remainder of title a manual /
260 ## - PUBLICATION, DISTRIBUTION, ETC. (IMPRINT)
Place of publication Rome :
Name of publisher Food and Agriculture Organization of the United Nations,
Year of publication c2005
300 ## - PHYSICAL DESCRIPTION
Number of Pages viii, 88 p. :
Other physical details ill. ;
Dimensions 30 cm
490 1# - SERIES STATEMENT
Series statement FAO fisheries technical paper,
650 #0 - SUBJECT ADDED ENTRY--TOPICAL TERM
Topical Term Fishes
650 #0 - SUBJECT ADDED ENTRY--TOPICAL TERM
Topical Term Fishery resources
650 #0 - SUBJECT ADDED ENTRY--TOPICAL TERM
Topical Term Fish populations
650 #0 - SUBJECT ADDED ENTRY--TOPICAL TERM
Topical Term Fish stock assessment
710 2# - ADDED ENTRY--CORPORATE NAME
Corporate name or jurisdiction name as entry element Food and Agriculture Organization of the United Nations
942 ## - ADDED ENTRY ELEMENTS (KOHA)
Koha item type សៀវភៅភាសាអង់គ្លេស
952 ## - LOCATION AND ITEM INFORMATION (KOHA)
Withdrawn status [LOCAL, KOHA] 0
Holdings
Permanent Location Date acquired Koha item type Lost status Shelving location Barcode Current Location Full call number
Library Block A2017-12-20សៀវភៅភាសាអង់គ្លេស A090RUA061231Library Block A639 FOO 2005 A090 Or.
មជ្ឈមណ្ឌលឯការនៃសាកលវិទ្យាល័យភូមិន្ទកសិកម្មចំការដូង

Powered by Koha